Familias latinoamericanas. Diagnóstico y políticas públicas en los inicios del nuevo siglo

Saved in:
Bibliografiske detaljer
Hovedforfatter: Arriagada, Irma (Author)
Format: Bog
Sprog:spansk
Udgivet: Santiago Naciones Unidas 2001
Udgivelse:1a. ed
Serier:Políticas Sociales, 57
Fag:
Tags: Tilføj Tag
Ingen Tags, Vær først til at tagge denne postø!

MARC

LEADER 00000nam a2200000 a 4500
001 UCK2088
003 CL-VaPUC
008 041217e20010000CL |||||||||||||||||spa|d
020 |a 9213219520 
082 0 4 |a 306.85  |b ARR  |2 21 
100 0 |a Arriagada, Irma  |e author  |9 489920 
245 1 0 |a Familias latinoamericanas. Diagnóstico y políticas públicas en los inicios del nuevo siglo 
250 |a 1a. ed 
300 |a 55 p 
942 |c BK 
945 |d 20041217 00:00:00  |a cmena 
260 |a Santiago  |b Naciones Unidas  |c 2001 
650 0 |a Familias   |9 255641 
650 0 |a Política gubernamental  |9 262286 
650 0 |a Problemas sociales  |9 258537 
650 0 |a Vida familiar  |9 308049 
583 |a last modification  |c 20160909 09:44:39  |k Rodrigo Vera 
490 0 |a Políticas Sociales, 57 
999 |c 311748  |d 311746 
952 |0 0  |1 0  |4 0  |6 306_850000000000000_ARR_2001  |7 0  |8 A  |9 381366  |a BIBEDU  |b BIBEDU  |d 2019-11-21  |i 4087305  |o 306.85 ARR 2001  |p 4087305  |r 2019-11-21  |w 2019-11-21  |y BK  |k EBA 
952 |0 0  |1 0  |4 0  |6 306_850000000000000_ARR_2001  |7 0  |8 A  |9 381367  |a BIBGIM  |b BIBGIM  |d 2019-11-21  |i 4651499  |o 306.85 ARR 2001  |p 4651499  |r 2025-01-15  |w 2019-11-21  |y BK  |k GIM